Athletics World Records - Statistics

General Stats
  • This quiz has been taken 21 times
  • The average score is 16 of 47
Answer Stats
Hint Answer % Correct
100m Usain Bolt
95%
200m Usain Bolt
95%
4x100m Jamaica
79%
4x400m United States
79%
4x100m United States
79%
High Jump Javier Sotomayor
63%
100m Florence Griffith Joyner
58%
200m Florence Griffith Joyner
58%
Triple Jump Jonathan Edwards
58%
800m David Rudisha
53%
400m H Karsten Warholm
53%
400m Wayde van Niekerk
47%
Pole Vault Armand Duplantis
42%
1500m Genzebe Dibaba
42%
Heptathlon Jackie Joyner-Kersee
42%
Shot Put Ryan Crouser
42%
Marathon Eliud Kipchoge
37%
Javelin Throw Jan Zelezny
37%
400m Marita Koch
37%
Long Jump Mike Powell
37%
110m H Aries Merritt
32%
100m H Kendra Harrison
32%
4x400m Soviet Union
32%
High Jump Stefka Kostadinova
32%
400m H Sydney McLaughlin
32%
Pole Vault Yelena Isinbayeva
32%
1500m Hicham El Guerrouj
26%
800m Jarmila Kratochvilova
26%
Javelin Throw Barbora Spotakova
21%
Decathlon Kevin Mayer
21%
Hammer Throw Yuriy Sedykh
21%
Triple Jump Inessa Kravets
16%
5000m Joshua Cheptegei
16%
10000m Joshua Cheptegei
16%
Long Jump Galina Chistyakova
11%
5000m Letesenbet Gidey
11%
10000m Letesenbet Gidey
11%
3000m SC Saif Shaaeed Shaheen
11%
50km Walk Yohann Diniz
11%
Hammer Throw Anita Wlodarczyk
5%
Marathon Brigid Kosgei
5%
Discus Throw Gabriele Reinsch
5%
Discus Throw Jurgen Schult
5%
Shot Put Natalya Lisovskaya
5%
3000m SC Beatrice Chepkoech
0%
20km Walk Yang Jiayu
0%
20km Walk Yusuke Suzuki
0%
No matching quizzes found
Score Distribution
Percent of People with Each Score
Percentile by Number Answered
Your Score History
You have not taken this quiz